000 00444nam a2200169 a 4500
001 13458
005 20180713201834.0
008 140415s1985 000 0 spa d
041 _aspa
082 _a808.83872
_bCOL
100 1 _aQUEEN, ELLERY
245 1 4 _aTHE GREEK COFFIN MYSTERY
260 _a[s.l.] :
_bBANTAM,
_c1985
300 _a299
490 _aTHE COLLECTION OF MYSTERY CLASSICS
650 1 4 _aNOVELA DE MISTERIO
999 _c13458
_d13458